000 00307 a2200145 4500
001 169700
020 _a
040 _cMagnum
100 _a-
240 1 0 _aPremio luis eduardo magalhaes
_lpor
245 1 0 _aPremio luis eduardo magalhaes
362 0 _a1899
697 _aHISTORIA DO BRASIL
942 _cBK
999 _c169700
_d169700